[Event "CRO-chT U16"]
[Site "Nasice"]
[Date "2017.12.28"]
[Round "4"]
[White "Plazek, Luka"]
[Black "Jakrlin, Mihael"]
[Result "1-0"]
[WhiteElo "1506"]
[BlackElo "1755"]
[PlyCount "78"]
[EventDate "2017.12.27"]
[EventType "team-tourn"]
[EventRounds "7"]
[EventCountry "CRO"]
[SourceTitle "EXT 2019"]
[Source "ChessBase"]
[SourceDate "2018.10.10"]
[SourceVersion "1"]
[SourceVersionDate "2018.10.10"]
[SourceQuality "1"]

1. c4 Nf6 2. Nc3 e6 3. g3 d5 4. cxd5 exd5 5. d4 c6 6. Bg2 Bb4 7. Bd2 0-0 8. Nf3 h6 9. 0-0 Bf5 10. Qb3 Qb6 11. Na4 Qb5 12. Bxb4 Re8 13. Nc3 Qb6 14. e3 Bd3 15. Rfe1 Bc4 16. Qa3 a5 17. Bd6 Na6 18. Ne5 Nb4 19. Bc5 Qxc5 20. dxc5 Rxe5 21. Na4 Rae8 22. Qc3 Ne4 23. Bxe4 Rxe4 24. b3 Bb5 25. Nb2 d4 26. exd4 Nd5 27. Qd2 Re2 28. Qxa5 Nf6 29. Nc4 Ba6 30. Rxe2 Rxe2 31. Re1 Rc2 32. h3 h5 33. Ne3 Rb2 34. Nc4 Rc2 35. a4 h4 36. gxh4 Ra2 37. Qc3 g6 38. Qf3 Nd5 39. h5 g5 1-0